| Tag |
First Indicator |
Second Indicator |
Subfields |
| LEADER |
00000cam a2200000M 4500 |
| 001 |
in00004274321 |
| 005 |
20201021160903.0 |
| 008 |
191108s2020 mduab b 000 0 eng d |
| 020 |
|
|
|a 1682475174
|
| 020 |
|
|
|a 9781682475171
|
| 035 |
|
|
|a (OCoLC)on1126560962
|
| 040 |
|
|
|a YDX
|e rda
|c YDX
|d COO
|d BDX
|d UtOrBLW
|
| 049 |
|
|
|a TXAM
|
| 090 |
|
|
|a V750
|b .D63 2020
|
| 100 |
1 |
|
|a Dodson, Aidan,
|d 1952-
|
| 245 |
1 |
0 |
|a Spoils of war :
|b the fate of enemy fleets after the two world wars /
|c Aidon Dodson, Serena Cant.
|
| 264 |
|
1 |
|a Annapolis, Maryland :
|b Naval Institute Press,
|c 2020.
|
| 300 |
|
|
|a 328 pages :
|b illustrations, maps ;
|c 29 cm.
|
| 336 |
|
|
|a text
|b txt
|2 rdacontent
|
| 337 |
|
|
|a unmediated
|b n
|2 rdamedia
|
| 504 |
|
|
|a Includes bibliographical references (pages 318-320) and index.
|
| 650 |
|
0 |
|a Warships
|x History
|y 20th century.
|0 http://id.loc.gov/authorities/subjects/sh2010118234
|
| 650 |
|
0 |
|a World War, 1914-1918
|x Naval operations.
|0 http://id.loc.gov/authorities/subjects/sh85148263
|
| 650 |
|
0 |
|a World War, 1939-1945
|x Naval operations.
|0 http://id.loc.gov/authorities/subjects/sh85148450
|
| 650 |
|
0 |
|a Shipwrecks
|x History
|y 20th century.
|
| 650 |
|
0 |
|a Warships
|x Salvaging.
|0 http://id.loc.gov/authorities/subjects/sh2007005449
|
| 945 |
|
|
|b 576546
|
| 947 |
|
|
|a A14850701823
|
| 948 |
|
|
|a cataloged
|b h
|c 2020/9/25
|d c
|e dmitchel
|f 12:12:12 pm
|
| 994 |
|
|
|a 92
|b TXA
|
| 999 |
f |
f |
|s 78efd226-36d9-39af-b0bc-0d8e7c3fe6b2
|i f449a4ca-7dbe-3148-9d5b-a206f8b0166e
|t 0
|
| 952 |
f |
f |
|p normal
|a Texas A&M University
|b College Station
|c Sterling C. Evans Library
|d Evans: Library Stacks
|t 0
|e V750 .D63 2020
|h Library of Congress classification
|i unspecified -- unspecified
|m A14850701823
|
| 998 |
f |
f |
|a V750 .D63 2020
|t 0
|l Evans: Library Stacks
|